[Event "CZE-ch Amateurs"]
[Site "Hluk"]
[Date "2025.05.14"]
[Round "6"]
[White "Mudrak, Josef"]
[Black "Martianov, Andre"]
[Result "1/2-1/2"]
[WhiteElo "2211"]
[BlackElo "1994"]
[PlyCount "38"]
[EventDate "2025.05.06"]
[EventType "swiss"]
[EventRounds "9"]
[EventCountry "CZE"]
[SourceTitle "CB20_2025"]
[SourceDate "2025.05.14"]
[SourceVersion "1"]
[SourceVersionDate "2025.05.14"]
[SourceQuality "1"]

1. c4 f5 2. Nf3 Nf6 3. g3 g6 4. Bg2 Bg7 5. 0-0 0-0 6. Nc3 d6 7. Rb1 e5 8. d3 a5 9. a3 Qe8 10. b4 axb4 11. axb4 Kh8 12. Qc2 h6 13. Bd2 g5 14. Ra1 Rxa1 15. Rxa1 Na6 16. b5 Nc5 17. Ra8 Qf7 18. Be3 Ncd7 19. Nd1 f4 1/2-1/2

[Event "CZE-ch Amateurs Blitz"]
[Site "Hluk"]
[Date "2025.05.09"]
[Round "6"]
[White "Benes, Miroslav"]
[Black "Mudrak, Josef"]
[Result "0-1"]
[WhiteElo "1891"]
[BlackElo "2071"]
[PlyCount "48"]
[EventDate "2025.05.09"]
[EventType "swiss (blitz)"]
[EventRounds "13"]
[EventCountry "CZE"]
[SourceTitle "CB20_2025"]
[SourceDate "2025.05.14"]
[SourceVersion "1"]
[SourceVersionDate "2025.05.14"]
[SourceQuality "1"]

1. e4 c5 2. Nf3 Nc6 3. d4 cxd4 4. Nxd4 e5 5. Nb5 d6 6. N1c3 a6 7. Na3 Nf6 8. Nc4 Be7 9. Bd3 d5 10. exd5 Nxd5 11. Nxd5 Qxd5 12. 0-0 Rb8 13. Qe2 Be6 14. Rd1 e4 15. Nb6 exd3 16. Rxd3 Qb5 17. Be3 Qxb2 18. Rad1 0-0 19. Nd7 Bxd7 20. Rxd7 Bf6 21. Bc5 Rfe8 22. Qc4 Ne5 23. Qd5 Nxd7 24. Qxd7 Rbd8 0-1

[Event "CZE-ch Amateurs"]
[Site "Hluk"]
[Date "2025.05.07"]
[Round "3"]
[White "Brezikova, Beata"]
[Black "Mudrak, Josef"]
[Result "0-1"]
[WhiteElo "1832"]
[BlackElo "2211"]
[PlyCount "82"]
[EventDate "2025.05.06"]
[EventType "swiss"]
[EventRounds "9"]
[EventCountry "CZE"]
[SourceTitle "CB20_2025"]
[SourceDate "2025.05.14"]
[SourceVersion "1"]
[SourceVersionDate "2025.05.14"]
[SourceQuality "1"]

1. e4 c5 2. Nf3 Nc6 3. d4 cxd4 4. Nxd4 e5 5. Nb5 d6 6. N1c3 a6 7. Na3 b5 8. Nd5 Nge7 9. c4 b4 10. Nc2 a5 11. Be2 Bb7 12. Nce3 Nd4 13. b3 Nec6 14. Bb2 g6 15. 0-0 Bg7 16. Nc2 Nxe2+ 17. Qxe2 0-0 18. Rad1 Rc8 19. Rd3 Nb8 20. Bc1 Nd7 21. Be3 f5 22. f3 Rf7 23. Rfd1 Bf8 24. Bf2 f4 25. a3 bxa3 26. Nxa3 Ba6 27. Nc3 d5 28. Rxd5 Bxa3 29. Qd3 Bb4 30. Na4 Rc7 31. Bb6 Bc8 32. Nc5 Qe7 33. Bxc7 Nxc5 34. Rd8+ Kg7 35. Bd6 Nxd3 36. Bxe7 Rxe7 37. Rxc8 Nc5 38. Rb1 Rd7 39. Kf1 Rd3 40. Rc7+ Kh6 41. Rb2 Rd1+ 0-1

[Event "Bohumin op-A 7th"]
[Site "Bohumin"]
[Date "2024.07.05"]
[Round "8"]
[White "Mudrak, Josef"]
[Black "Shivika, Rohilla"]
[Result "1-0"]
[WhiteElo "2225"]
[BlackElo "2099"]
[PlyCount "105"]
[EventDate "2024.06.29"]
[EventType "swiss"]
[EventRounds "9"]
[EventCountry "CZE"]
[SourceTitle "CBM 221 Extra"]
[Source "ChessBase"]
[SourceDate "2024.09.30"]
[SourceVersion "1"]
[SourceVersionDate "2024.09.30"]
[SourceQuality "1"]

1. d4 Nf6 2. Nf3 d5 3. g3 e6 4. Bg2 Be7 5. 0-0 b5 6. Ne5 0-0 7. c4 bxc4 8. Nxc4 c6 9. Ne5 Bb7 10. Nc3 Nbd7 11. Nxd7 Nxd7 12. e4 Nb6 13. Bf4 Rc8 14. Rc1 Ba6 15. Re1 g5 16. Be3 f5 17. exf5 exf5 18. b3 Kh8 19. Qh5 Nd7 20. Na4 f4 21. Bd2 Bd3 22. Qd1 Bg6 23. Re6 Rf6 24. Rxf6 Nxf6 25. gxf4 Ne4 26. Be3 gxf4 27. Bxf4 Bh4 28. Bg3 Bxg3 29. hxg3 Qf6 30. Bxe4 Bxe4 31. Nc5 Bf3 32. Qd2 Rg8 33. Qe3 Rg6 34. Rc3 Bg4 35. Nd3 Bf5 36. Ne5 Rg8 37. Rxc6 Qf8 38. Qh6 Qxh6 39. Rxh6 Be4 40. Rc6 Rb8 41. f3 Bb1 42. Ra6 Rb7 43. Kf2 Rc7 44. Ke3 Rc2 45. Rxa7 Bxa2 46. b4 Rb2 47. Rb7 Bc4 48. Nxc4 dxc4 49. d5 Rb3+ 50. Ke4 Kg8 51. d6 Rd3 52. d7 Kf8 53. Rb8+ 1-0

[Event "Bohumin op-A 7th"]
[Site "Bohumin"]
[Date "2024.07.04"]
[Round "7"]
[White "Sikora, Jan"]
[Black "Mudrak, Josef"]
[Result "0-1"]
[WhiteElo "2068"]
[BlackElo "2225"]
[PlyCount "102"]
[EventDate "2024.06.29"]
[EventType "swiss"]
[EventRounds "9"]
[EventCountry "CZE"]
[SourceTitle "CBM 221 Extra"]
[Source "ChessBase"]
[SourceDate "2024.09.30"]
[SourceVersion "1"]
[SourceVersionDate "2024.09.30"]
[SourceQuality "1"]

1. e4 d6 2. d4 c6 3. a4 Qc7 4. Nc3 e5 5. Nge2 g6 6. g3 Bg7 7. Bg2 Ne7 8. Be3 0-0 9. Qd2 Nd7 10. Bh6 Re8 11. Bxg7 Kxg7 12. 0-0 f6 13. Rfd1 Nf8 14. a5 Be6 15. Ra3 b5 16. axb6 axb6 17. Rda1 Rxa3 18. Rxa3 b5 19. Ra1 b4 20. Nd1 Rb8 21. Ne3 Bf7 22. c3 bxc3 23. bxc3 Rb7 24. h4 Qb8 25. Rc1 Ra7 26. Kh2 h5 27. Rc2 Rb7 28. Bf3 Nh7 29. Bg2 g5 30. hxg5 fxg5 31. f4 Kh8 32. fxe5 dxe5 33. dxe5 Qxe5 34. Qd4 Ng6 35. Ng1 g4 36. Ne2 c5 37. Qxe5+ Nxe5 38. Nd5 Ng5 39. Ra2 Nef3+ 40. Bxf3 gxf3 41. Nef4 Nxe4 42. Ra8+ Kg7 43. Ne3 Rb2+ 44. Kh3 Rb1 45. Kh2 Re1 46. Nf5+ Kf6 47. Nh6 f2 48. Ra6+ Kg7 49. Nf5+ Kh7 50. Rh6+ Kg8 51. Ne7+ Kf8 0-1

[Event "Bohumin op-A 7th"]
[Site "Bohumin"]
[Date "2024.07.02"]
[Round "5"]
[White "Helis, Tadeusz"]
[Black "Mudrak, Josef"]
[Result "1/2-1/2"]
[WhiteElo "2090"]
[BlackElo "2225"]
[PlyCount "87"]
[EventDate "2024.06.29"]
[EventType "swiss"]
[EventRounds "9"]
[EventCountry "CZE"]
[SourceTitle "CBM 221 Extra"]
[Source "ChessBase"]
[SourceDate "2024.09.30"]
[SourceVersion "1"]
[SourceVersionDate "2024.09.30"]
[SourceQuality "1"]

1. Nf3 Nf6 2. c4 d6 3. d4 Nbd7 4. Nc3 e5 5. e4 Be7 6. Be2 0-0 7. 0-0 c6 8. h3 Qc7 9. Be3 Re8 10. d5 a6 11. Nd2 Nf8 12. b4 h6 13. Rc1 N6d7 14. Nb3 Bg5 15. Bxg5 hxg5 16. Qd2 cxd5 17. Nxd5 Qd8 18. Rfd1 Ne6 19. Bg4 Nb8 20. Ne3 Nf4 21. Bxc8 Qxc8 22. Nf5 Qe6 23. Qe3 Nc6 24. Rxd6 Qc8 25. a3 g6 26. Nh6+ Kg7 27. Ng4 Re6 28. Rcd1 Nd4 29. Rxe6 Nde2+ 30. Kh2 Qxe6 31. Nc5 Qxg4 32. hxg4 Rh8+ 33. Qh3 Nxh3 34. gxh3 Nf4 35. Nxb7 Rxh3+ 36. Kg1 Rxa3 37. c5 Ne2+ 38. Kf1 Nd4 39. Rc1 Nc6 40. Na5 Nxa5 41. bxa5 Rb3 42. c6 Rb8 43. c7 Rc8 44. Rc6 1/2-1/2

[Event "Oberliga Wuerttemberg 2324"]
[Site "Wuerttemberg"]
[Date "2024.01.21"]
[Round "5.6"]
[White "Dudek, Richard"]
[Black "Mudrak, Josef"]
[Result "1/2-1/2"]
[WhiteElo "2185"]
[BlackElo "2231"]
[PlyCount "64"]
[EventDate "2023.09.17"]
[EventType "team-tourn"]
[EventRounds "9"]
[EventCountry "GER"]
[SourceTitle "EXT 2025"]
[Source "ChessBase"]
[SourceDate "2024.10.14"]
[SourceVersion "1"]
[SourceVersionDate "2024.10.14"]
[SourceQuality "1"]
[WhiteTeam "Heilbronn II"]
[BlackTeam "Schwaebisch Hall"]
[WhiteTeamCountry "GER"]
[BlackTeamCountry "GER"]

1. e4 d6 2. d4 Nf6 3. Nc3 e5 4. Nf3 Nbd7 5. Bc4 exd4 6. Qxd4 c6 7. a4 Be7 8. 0-0 Qb6 9. a5 Qxd4 10. Nxd4 Nc5 11. f3 0-0 12. b4 d5 13. exd5 cxd5 14. Re1 Ne6 15. Nxd5 Nxd5 16. Bxd5 Bxb4 17. Nxe6 Bxe6 18. Rd1 Bxd5 19. Rxd5 Rfc8 20. Rb5 Bc5+ 21. Kf1 b6 22. axb6 Bxb6 23. Bf4 Rc6 24. Ra2 Rac8 25. Re5 Bc7 26. Re4 f5 27. Rd4 Bxf4 28. Rxf4 Rxc2 29. Rxc2 Rxc2 30. Rxf5 Ra2 31. h4 g6 32. Rb5 h6 1/2-1/2

[Event "Bohumin op-A 6th"]
[Site "Bohumin"]
[Date "2023.07.03"]
[Round "3"]
[White "Mudrak, Josef"]
[Black "Hladik, Lumir"]
[Result "0-1"]
[WhiteElo "2272"]
[BlackElo "1960"]
[PlyCount "88"]
[EventDate "2023.07.01"]
[EventType "swiss"]
[EventRounds "9"]
[EventCountry "CZE"]
[SourceTitle "CBM 215 Extra"]
[Source "ChessBase"]
[SourceDate "2023.09.30"]
[SourceVersion "1"]
[SourceVersionDate "2023.09.30"]
[SourceQuality "1"]

1. d4 c6 2. Nf3 d5 3. g3 e6 4. Bg2 f5 5. 0-0 Nf6 6. c4 Be7 7. Qc2 0-0 8. Ne5 Nbd7 9. cxd5 cxd5 10. Nd3 Ne4 11. Bf4 Ndf6 12. Qb3 Qe8 13. Rc1 g5 14. Be5 Nd6 15. Na3 Nfe4 16. Rc7 Bd7 17. Rd1 Rf7 18. Bxe4 fxe4 19. Nc5 Bf8 20. Qe3 h6 21. Nxb7 Nf5 22. Qc3 e3 23. fxe3 Bxa3 24. Qxa3 Bb5 25. Nd6 Nxd6 26. Qxd6 Bxe2 27. Rdc1 Bc4 28. b3 Rd8 29. Rxf7 Kxf7 30. Qa3 Bd3 31. Qxa7+ Rd7 32. Qb8 Rd8 33. Rc7+ Kg6 34. Qb4 Qf8 35. Qxf8 Rxf8 36. Rc3 Rf1+ 37. Kg2 Rd1 38. g4 Be4+ 39. Kh3 Rf1 40. Bg3 h5 41. gxh5+ Kxh5 42. Be5 Rf3+ 43. Bg3 g4+ 44. Kg2 Rxe3+ 0-1